000 00592nam a2200181Ia 4500
003 GCL
008 140319s9999 xx 000 0 ara d
040 _aGCL /
_cGCL
082 0 4 _a814.008
_bن ك
100 1 _aناجى بيضون
245 1 0 _aكاريكاتير بالكلمات: مقالات وقصائد سياسية واجتماعية /
_cناجى بيضون
260 _a[S.N] :
_bمؤسسة بحسون للنشر والتوزيع ،
_c1994
300 _a336 ص
490 _a
650 0 4 _aالادب العربى
650 0 4 _aالمقالات العربية
942 _2ddc
_cBK
999 _c55771
_d55771